Fenomén Česká Kanada : objevte kouzlo místa, kde se potkávají Čechy a Morava /

Hlavní autor: Pokovba, Petr, 1979-
Jazyk: Čeština
Vydáno: V Brně : Nastole, 2024
Vydání: 1. vydání
Témata:
Fyzický popis: 183 stran : ilustrace (převážně barevné), portréty ; 24 cm
Knihy
Uloženo v:
LEADER 01901nam a2200493 i 4500
001 nkc20243632053
003 CZ PrNK
005 20241016080951.0
007 ta
008 240917s2024 xr ac e f 000 0 cze
015 |a cnb003632053 
020 |a 978-80-7448-173-4  |q (vázáno) :  |c Kč 429,00 
035 |a (OCoLC)1468021073 
040 |a BOA001  |b cze  |e rda 
043 |a e-xr---  |b e-xr-jc  |2 czenas 
072 7 |a 913(437)  |x Geografie Česka a Slovenska, reálie, cestování  |2 Konspekt  |9 7 
080 |a 913:338.483.1  |2 MRF 
080 |a 913(437.319)  |2 MRF 
080 |a (437.319)  |2 MRF 
080 |a (036)913  |2 MRF 
100 1 |a Pokovba, Petr,  |d 1979-  |7 mzk20191040274  |4 aut 
245 1 0 |a Fenomén Česká Kanada :  |b objevte kouzlo místa, kde se potkávají Čechy a Morava /  |c Petr Pokovba 
250 |a 1. vydání 
264 1 |a V Brně :  |b Nastole,  |c 2024 
300 |a 183 stran :  |b ilustrace (převážně barevné), portréty ;  |c 24 cm 
336 |a text  |b txt  |2 rdacontent 
336 |a statický obraz  |b sti  |2 rdacontent 
337 |a bez média  |b n  |2 rdamedia 
338 |a svazek  |b nc  |2 rdacarrier 
500 |a Chronologický přehled 
504 |a Obsahuje bibliografii 
650 0 7 |a turistické zajímavosti  |7 ph126800  |z Česko  |2 czenas 
650 0 9 |a tourist sights  |z Czechia  |2 eczenas 
651 7 |a Česká Kanada (Česko)  |7 ge131691  |x reálie  |2 czenas 
651 9 |a Česká Kanada Region (Czechia)  |x description and travel  |2 eczenas 
655 7 |a turistické průvodce  |7 fd133738  |2 czenas 
655 9 |a tourist guidebooks  |2 eczenas 
910 2 |a BOA001  |b 2-1530.595 
928 9 |a Albatros Media - Nastole 
990 |a BK 
995 |a 01 
991 |b 202410  |c NOV 
996 6 |b 2610981313  |c 2-1530.595  |l MZK  |r Sklad / do 1 hodiny  |n 2  |p p.v.  |w 001978653  |u 000010  |a 1  |e BOA001  |j MZK50  |s P 
996 7 |b 2610982833  |c 2-1530.595  |l Vol.výběr  |r VV 1p  |n 4  |p kup  |h 913(437) POK  |w 001978653  |u 000020  |a 0  |e BOA001  |j MZK50  |s A